| 000 | 00511nam a2200145Ia 4500 | ||
|---|---|---|---|
| 008 | 170221s9999 xx 000 0 und d | ||
| 100 | _aLiu, Yang. | ||
| 245 | 2 | _aA Parallel Task Scheduling Optimization Algorithm Based on Clonal Operator in Green Cloud Computing | |
| 245 | _cYang Liu, Wanneng Shu, and Chrish Zhang. | ||
| 260 | _bJournal of Communications | ||
| 260 | _c2014 | ||
| 650 | _xCommunication | ||
| 650 | _xMedia Arts | ||
| 856 | _uhttp://www.jocm.us/index.php?m=content&c=index&a=lists&catid=158 | ||
| 999 |
_c310543 _d310543 |
||